Statistics for Ultimate Fairy Tail Characters Quiz

Click here to take the quiz!

General Stats

  • This quiz has been taken 435 times
  • The average score is 17 of 50

Answer Stats

HintAnswer% Correct
She is the founder and the very first Guild Master of Fairy Tail.Mavis Vermillion
85%
She is the daughter of Jude and Layla and uses Celestial Spirit Magic.Lucy Heartfilia
68%
Her magic enables her to summon weapons and armors at will.Erza Scarlet
67%
He has a dragon dad named Igneel who taught him the Dragon Slayer Magic he uses.Natsu Dragneel
66%
He uses Ice Make and Ice Devil Slayer Magic.Gray Fullbuster
61%
He is a second generation dragon slayer who has a pet snake.Cobra
58%
He is the third Guild Master of Fairy Tail.Makarov Dreyar
52%
He is the second Guild Master of Fairy Tail who turned into a dark mage.Precht Gaebolg
49%
A Celestial Spirit that was previously owned by Count Everlue.Virgo
49%
She likes cat and looks like one.Milliana
47%
She belonged to a non-existent guild before she joined Fairy Tail.Wendy Marvel
47%
A Celestial Spirit that Lucy won't be able to summon anymore.Aquarius
46%
They all thought she was dead until they found her "counterpart" in Edolas.Lisanna Strauss
46%
She is the head waitress in the Fairy Tail Guild Hall and is often featured in Sorecerer's Weekly.Mirajane Strauss
46%
He prays that he could be the fastest so nobody would be able to catch him.Racer
45%
He left Fairy Tail to take his father's place as the King of Edolas.Mystogan
44%
He is the Dragon Slayer wizard who destroyed the first Fairy Tail Guild Hall.Gajeel Redfox
39%
He employs Heavenly Body Magic and was once a member of the ten wizard saints.Jellal Fernandes
38%
He is a Lamia Scale Wizard that uses Ice Make Magic.Lyon Vastia
38%
He lost some of his limbs fighting Acnologia.Gildarts Clive
37%
He is the older brother of Wally Buchanan and like him, he has sharp edges on his face too.Hoteye
36%
She used to teach Ice Make Magic when she was alive.Ur Milkovich
35%
He pretended to be Mest during the S Class promotion trial of Fairy Tail.Doranbolt
33%
An S Class wizard of Fairy Tail who launched a game to determine who the strongest in the guild is.Laxus Dreyar
33%
She specifically studied a certain lost magic to kill her mother.Ultear Milkovich
33%
He is one of the founding members of Fairy Tail and is hailed as the fourth strongest wizard saint.Warrod Sequen
32%
If you study the beginnings of magic, it would trace back to him.Zeref
32%
He iwas the only human member of the Nine Demon Gates.Silver Fullbuster
31%
She was adopted by the Time Mage after destroying her town.Melody
29%
He was corrupted by one of the Seven Kins of Purgatory, making him unable to return to the Celestial Spirit World.Capricorn
28%
She is the strongest wizard of Sabertooth surpassing the Twin Dragons.Minerva Orland
26%
She is not with Fairy Tail but she always treats their wounded and sick.Porlyusica
26%
He was the guild master of Phantom Lord.Jose Porla
25%
He is the King of the Underworld.Mard Geer
25%
He was the last standing member of Sabertooth during the finals of Grand Magic Games X791.Sting Eucliffe
24%
He is responsible for blowing up the Magic Council in ERA causing massive deaths.Jackal
23%
She was the only female member of the Element 4 before they were disbanded.Juvia Locksar
23%
He came from the future with a plan to control dragons that would come out of the Eclipse Gate.Rogue Cheney
23%
She was raised by giants before becoming a member of a dark guild.Flare Corona
21%
He held the 6th seat when he was in the Magic Council and now owns a restaurant.Yajima
21%
He was the first one to arrive in Tenrou Island to execute the plan of Grimoire Heart.Azuma
19%
She is the etherious to which Mira took over the Macro ability.Seilah
19%
She is 13th Golden Key known as the Serpent Bearer/Snake Charmer.Ophiuchus
18%
He was the Deputy Commander of Grimoire Heart.Bluenote Stinger
17%
She is the younger sister of Simon and a master of the style of the Unsheathed Sword.Kagura Mikazuchi
17%
She faced Erza in the Tower of Heaven on a one on one sword fight.Ikaruga
15%
She was a Blue Pegasus wizard and owned the Keys of Aries and Loke at one point.Karen Lilica
15%
One of the Allied forces from Blue Pegasus who uses Archive Magic.Hibiki Lates
14%
He is regarded as the strongest human wizard in all of Fiore after time skip.Jura Neekis
14%
He faced Elfman Strauss during the Grand Magic Games X791 and lost to him despite being stronger.Bacchus Groh
10%

Score Distribution

Percentile by Number Answered

Percent of People with Each Score

Your Score History

You have not taken this quiz